Normal view
MARC view
Entry Personal Name
001 - CONTROL NUMBER
- control field: 15416
003 - CONTROL NUMBER IDENTIFIER
- control field: BD-RjUL
005 - DATE AND TIME OF LATEST TRANSACTION
- control field: 20250506141314.0
008 - FIXED-LENGTH DATA ELEMENTS
- fixed length control field: 250506|| aca||aabn | a|a d
040 ## - CATALOGING SOURCE
- Original cataloging agency: BD-RjUL
- Transcribing agency: BD-RjUL
100 ## - HEADING--PERSONAL NAME
- Personal name: Lodge, Richard
670 ## - SOURCE DATA FOUND
- Source citation: Work cat.: (BD-RjUL)84899: Lodge, Richard , The Political History of England /, 1910